[Event "2012"]
[Site "Pyhajarve"]
[Date "2012.11.25"]
[Round "29.4"]
[White "SIEMER, Tambet"]
[Black "KULAOTS, Kaido"]
[Result "0-1"]
[LiveChessVersion "1.3.1"]
[BlackElo "2537"]
[WhiteElo "2046"]

1. d4 {[%clk 0:13:58]} g6 {[%clk 0:06:00]} 2. c4 {[%clk 0:13:52]} Bg7
{[%clk 0:05:59]} 3. Nc3 {[%clk 0:13:51]} d6 {[%clk 0:05:58]} 4. e4
{[%clk 0:13:47]} e5 {[%clk 0:05:58]} 5. Be3 {[%clk 0:13:19]} exd4
{[%clk 0:05:56]} 6. Bxd4 {[%clk 0:13:18]} Nf6 {[%clk 0:05:55]} 7. f3
{[%clk 0:12:02]} O-O {[%clk 0:05:52]} 8. Qd2 {[%clk 0:11:56]} Nc6
{[%clk 0:05:47]} 9. Be3 {[%clk 0:11:54]} Ne5 {[%clk 0:05:46]} 10. Bd3
{[%clk 0:11:25]} Be6 {[%clk 0:05:41]} 11. Nd5 {[%clk 0:11:14]} c6
{[%clk 0:05:23]} 12. Nxf6+ {[%clk 0:08:22]} Qxf6 {[%clk 0:05:21]} 13. Rc1
{[%clk 0:07:50]} Nxd3+ {[%clk 0:05:17]} 14. Qxd3 {[%clk 0:07:49]} Qxb2
{[%clk 0:05:10]} 15. Ne2 {[%clk 0:07:48]} d5 {[%clk 0:04:53]} 16. exd5
{[%clk 0:07:25]} cxd5 {[%clk 0:04:52]} 17. c5 {[%clk 0:07:17]} Qxa2
{[%clk 0:04:29]} 18. O-O {[%clk 0:07:16]} Bf5 {[%clk 0:04:28]} 19. Qd2
{[%clk 0:06:03]} Qxd2 {[%clk 0:04:26]} 20. Bxd2 {[%clk 0:06:02]} Rfe8
{[%clk 0:04:19]} 21. Rfe1 {[%clk 0:05:59]} Rac8 {[%clk 0:03:59]} 22. Bb4
{[%clk 0:05:41]} d4 {[%clk 0:03:49]} 23. Nf4 {[%clk 0:05:26]} Bh6
{[%clk 0:03:41]} 24. g3 {[%clk 0:05:26]} d3 {[%clk 0:03:30]} 25. Rxe8+
{[%clk 0:05:19]} Rxe8 {[%clk 0:03:29]} 26. Rd1 {[%clk 0:05:19]} Rd8
{[%clk 0:03:14]} 27. Kf2 {[%clk 0:05:12]} Rd4 {[%clk 0:02:59]} 28. Bd2
{[%clk 0:04:25]} Rc4 {[%clk 0:02:47]} 29. g4 {[%clk 0:03:38]} Bxg4
{[%clk 0:02:21]} 30. Nd5 {[%clk 0:03:29]} Bxd2 {[%clk 0:02:11]} 31. Rxd2
{[%clk 0:02:52]} Be6 {[%clk 0:02:04]} 32. Nf6+ {[%clk 0:02:46]} Kg7
{[%clk 0:01:59]} 33. Ne4 {[%clk 0:02:44]} Rc2 {[%clk 0:01:54]} 34. Ke3
{[%clk 0:02:39]} Rxd2 {[%clk 0:01:53]} 35. Nxd2 {[%clk 0:02:26]} Bf5
{[%clk 0:01:51]} 36. Kd4 {[%clk 0:02:21]} Kf6 {[%clk 0:01:43]} 37. f4 Ke7
{[%clk 0:01:42]} 38. Kd5 {[%clk 0:02:17]} Kd7 {[%clk 0:01:41]} 39. Nc4
{[%clk 0:02:16]} f6 {[%clk 0:01:39]} 40. Nd2 {[%clk 0:02:09]} a5 {[%clk 0:01:36]}
41. Nf3 {[%clk 0:02:03]} Kc7 {[%clk 0:01:33]} 42. Kc4 {[%clk 0:02:00]} b6
{[%clk 0:01:32]} 43. Kb5 {[%clk 0:01:53]} bxc5 {[%clk 0:01:28]} 44. Kxc5
{[%clk 0:01:52]} g5 {[%clk 0:01:25]} 45. fxg5 {[%clk 0:01:51]} fxg5 46. Kb5 g4
{[%clk 0:01:22]} 47. Nd2 {[%clk 0:01:49]} h5 {[%clk 0:01:21]} 48. Kxa5
{[%clk 0:01:44]} h4 {[%clk 0:01:21]} 49. Kb4 {[%clk 0:01:40]} g3 {[%clk 0:01:20]}
50. hxg3 {[%clk 0:01:37]} h3 {[%clk 0:01:17]} 51. Nf1 {[%clk 0:01:25]} h2
{[%clk 0:01:15]} 0-1

[Event "2012"]
[Site "Pyhajarve"]
[Date "2012.11.25"]
[Round "29.5"]
[White "SEEMAN, Tarvo"]
[Black "SEPP, Olav"]
[Result "1-0"]
[LiveChessVersion "1.3.1"]
[BlackElo "2446"]
[WhiteElo "2386"]

1. Nf3 {[%clk 0:09:58]} Nf6 {[%clk 0:10:00]} 2. g3 {[%clk 0:09:57]} g6
{[%clk 0:09:59]} 3. Bg2 {[%clk 0:09:56]} Bg7 {[%clk 0:09:59]} 4. O-O
{[%clk 0:09:54]} O-O {[%clk 0:09:58]} 5. d4 {[%clk 0:09:54]} d6 {[%clk 0:09:57]}
6. a4 {[%clk 0:09:53]} Na6 {[%clk 0:09:30]} 7. a5 {[%clk 0:09:46]} c5
{[%clk 0:09:28]} 8. Nc3 {[%clk 0:09:44]} Bd7 {[%clk 0:08:37]} 9. Re1
{[%clk 0:09:23]} Rc8 {[%clk 0:08:32]} 10. h3 {[%clk 0:08:48]} Bc6
{[%clk 0:07:33]} 11. e4 {[%clk 0:08:31]} cxd4 {[%clk 0:07:07]} 12. Nxd4 Bd7 13.
Ndb5 {[%clk 0:08:19]} Rc5 {[%clk 0:06:42]} 14. Bf1 {[%clk 0:07:45]} Nc7
{[%clk 0:05:54]} 15. Nd4 {[%clk 0:07:23]} Ne6 {[%clk 0:05:31]} 16. Nb3
{[%clk 0:07:22]} Rc8 {[%clk 0:05:30]} 17. Bg2 {[%clk 0:07:16]} Nc5
{[%clk 0:05:18]} 18. Be3 {[%clk 0:06:14]} Nxb3 {[%clk 0:05:07]} 19. cxb3
{[%clk 0:06:13]} a6 {[%clk 0:04:57]} 20. e5 {[%clk 0:05:47]} dxe5
{[%clk 0:04:45]} 21. Bxb7 {[%clk 0:05:45]} Bxh3 {[%clk 0:04:31]} 22. Qxd8
{[%clk 0:05:39]} Rcxd8 {[%clk 0:04:30]} 23. Bxa6 {[%clk 0:05:24]} Rb8
{[%clk 0:04:17]} 24. Bc4 {[%clk 0:05:20]} e6 {[%clk 0:03:56]} 25. a6
{[%clk 0:05:12]} Ng4 {[%clk 0:03:43]} 26. a7 {[%clk 0:04:47]} Ra8
{[%clk 0:03:39]} 27. Bb6 {[%clk 0:04:15]} Nf6 {[%clk 0:02:30]} 28. Bb5
{[%clk 0:03:48]} Rfc8 {[%clk 0:02:17]} 29. Ba6 {[%clk 0:03:38]} Re8
{[%clk 0:02:07]} 30. Bb7 {[%clk 0:03:36]} Nd7 {[%clk 0:02:06]} 31. Bxa8
{[%clk 0:03:18]} Rxa8 {[%clk 0:02:05]} 32. Be3 {[%clk 0:03:07]} Bf8
{[%clk 0:02:01]} 33. Nb5 {[%clk 0:02:57]} Bc5 {[%clk 0:01:18]} 34. Bxc5
{[%clk 0:02:53]} Nxc5 {[%clk 0:01:17]} 35. Nc7 {[%clk 0:02:50]} 1-0

[Event "2012"]
[Site "Pyhajarve"]
[Date "2012.11.25"]
[Round "30.1"]
[White "TUULIK, Ylo"]
[Black "SHORT, Nigel"]
[Result "0-1"]
[LiveChessVersion "1.3.1"]
[BlackElo "2702"]
[WhiteElo "1923"]

1. d4 e6 2. Nf3 c5 3. e4 {[%clk 0:17:55]} cxd4 {[%clk 0:01:58]} 4. Bd3
{[%clk 0:17:54]} Nc6 {[%clk 0:01:57]} 5. Bd2 {[%clk 0:17:53]} d5 {[%clk 0:01:56]}
6. Qe2 {[%clk 0:17:49]} Nf6 {[%clk 0:01:54]} 7. e5 {[%clk 0:17:47]} Nd7
{[%clk 0:01:53]} 8. O-O {[%clk 0:17:40]} Be7 {[%clk 0:01:53]} 9. c4
{[%clk 0:17:36]} dxc3 {[%clk 0:01:51]} 10. Bxc3 {[%clk 0:17:32]} Nc5
{[%clk 0:01:49]} 11. Bc2 {[%clk 0:17:29]} b6 {[%clk 0:01:47]} 12. b4
{[%clk 0:17:23]} Ne4 {[%clk 0:01:46]} 13. Bxe4 dxe4 14. Rd1 {[%clk 0:17:13]} Qc7
{[%clk 0:01:44]} 0-1

[Event "2012"]
[Site "Pyhajarve"]
[Date "2012.11.25"]
[Round "30.2"]
[White "SMITH, Axel"]
[Black "NYBACK, Tomi"]
[Result "1/2-1/2"]
[LiveChessVersion "1.3.1"]
[BlackElo "2631"]
[WhiteElo "2490"]

1. d4 {[%clk 0:11:59]} Nf6 {[%clk 0:07:59]} 2. c4 {[%clk 0:11:58]} g6
{[%clk 0:07:58]} 3. Nc3 {[%clk 0:11:57]} d5 {[%clk 0:07:57]} 4. Nf3
{[%clk 0:11:56]} Bg7 {[%clk 0:07:56]} 5. cxd5 {[%clk 0:11:55]} Nxd5
{[%clk 0:07:55]} 6. Bg5 {[%clk 0:11:54]} c5 {[%clk 0:07:30]} 7. Rc1
{[%clk 0:11:53]} Nxc3 {[%clk 0:07:00]} 8. bxc3 {[%clk 0:11:52]} Qa5
{[%clk 0:06:24]} 9. Qd2 {[%clk 0:11:13]} cxd4 {[%clk 0:06:21]} 10. cxd4
{[%clk 0:11:08]} Qxd2+ {[%clk 0:06:19]} 11. Nxd2 {[%clk 0:10:26]} Nc6
{[%clk 0:05:55]} 12. e3 {[%clk 0:10:25]} Be6 {[%clk 0:05:45]} 13. Bc4
{[%clk 0:10:17]} Bxc4 {[%clk 0:05:40]} 14. Rxc4 {[%clk 0:09:57]} Kd7
{[%clk 0:05:21]} 15. Ke2 {[%clk 0:09:56]} Na5 {[%clk 0:05:18]} 16. Ra4
{[%clk 0:08:20]} b6 {[%clk 0:05:10]} 17. Nc4 {[%clk 0:08:12]} Nc6
{[%clk 0:04:44]} 18. d5 {[%clk 0:06:43]} Ne5 {[%clk 0:04:42]} 19. Rc1
{[%clk 0:06:25]} Nxc4 {[%clk 0:03:54]} 20. Raxc4 {[%clk 0:06:17]} Be5
{[%clk 0:03:52]} 21. Bf4 {[%clk 0:05:23]} Bxf4 22. Rxf4 f6 {[%clk 0:03:27]} 23.
Rfc4 {[%clk 0:04:56]} Rhc8 {[%clk 0:03:25]} 24. Kd3 {[%clk 0:04:54]} Rxc4
{[%clk 0:03:13]} 25. Rxc4 {[%clk 0:04:53]} Rc8 {[%clk 0:03:01]} 26. Rxc8
{[%clk 0:04:49]} Kxc8 27. e4 Kd7 {[%clk 0:02:57]} 28. f4 {[%clk 0:04:46]} Kd6
{[%clk 0:02:23]} 29. Kd4 {[%clk 0:04:43]} a6 {[%clk 0:02:22]} 30. e5+
{[%clk 0:04:37]} fxe5+ {[%clk 0:02:11]} 31. fxe5+ {[%clk 0:04:36]} Kd7
{[%clk 0:02:09]} 32. g4 {[%clk 0:03:34]} Kc7 {[%clk 0:02:08]} 33. g5
{[%clk 0:03:24]} Kd7 {[%clk 0:02:07]} 34. Kc4 {[%clk 0:03:20]} Kc7
{[%clk 0:02:07]} 35. Kd4 {[%clk 0:03:19]} Kd7 {[%clk 0:02:06]} 36. Kc4
{[%clk 0:02:58]} Kc7 {[%clk 0:02:05]} 37. Kd4 1/2-1/2

[Event "2012"]
[Site "Pyhajarve"]
[Date "2012.11.25"]
[Round "30.3"]
[White "LIIVA, Riho"]
[Black "MIEZIS, Normunds"]
[Result "1-0"]
[LiveChessVersion "1.3.1"]
[BlackElo "2512"]
[WhiteElo "2451"]

1. e4 {[%clk 0:09:59]} c5 {[%clk 0:09:59]} 2. Nf3 {[%clk 0:09:52]} e6
{[%clk 0:09:57]} 3. c3 {[%clk 0:09:51]} d5 {[%clk 0:09:54]} 4. exd5
{[%clk 0:09:45]} exd5 {[%clk 0:09:52]} 5. d4 {[%clk 0:09:45]} Nc6
{[%clk 0:09:49]} 6. Bb5 {[%clk 0:09:27]} Bd6 {[%clk 0:09:46]} 7. O-O
{[%clk 0:09:20]} Nge7 {[%clk 0:09:44]} 8. dxc5 {[%clk 0:09:19]} Bxc5
{[%clk 0:09:41]} 9. Nbd2 {[%clk 0:09:17]} O-O {[%clk 0:09:35]} 10. Nb3
{[%clk 0:09:16]} Bb6 {[%clk 0:09:30]} 11. Bd3 {[%clk 0:06:40]} h6
{[%clk 0:09:01]} 12. h3 {[%clk 0:06:26]} Nf5 {[%clk 0:08:41]} 13. Bf4
{[%clk 0:05:54]} Qf6 {[%clk 0:08:29]} 14. Qd2 {[%clk 0:05:35]} Nd6
{[%clk 0:08:07]} 15. Bxd6 {[%clk 0:03:39]} Qxd6 {[%clk 0:08:04]} 16. Rad1
{[%clk 0:03:34]} Bxh3 {[%clk 0:06:42]} 17. Nfd4 {[%clk 0:03:05]} Nxd4
{[%clk 0:05:07]} 18. Nxd4 {[%clk 0:03:04]} Bxd4 {[%clk 0:04:24]} 19. cxd4
{[%clk 0:03:03]} Bg4 {[%clk 0:04:17]} 20. Rc1 {[%clk 0:02:31]} Rac8
{[%clk 0:04:12]} 21. Qa5 {[%clk 0:02:13]} Rxc1 {[%clk 0:03:54]} 22. Rxc1
{[%clk 0:02:12]} Qf4 {[%clk 0:03:51]} 23. Qc3 {[%clk 0:02:11]} g6
{[%clk 0:03:44]} 24. g3 {[%clk 0:02:10]} Qf3 {[%clk 0:03:33]} 25. Qd2
{[%clk 0:01:29]} Bh3 {[%clk 0:03:19]} 26. Bf1 {[%clk 0:01:29]} Bxf1
{[%clk 0:03:13]} 27. Rxf1 {[%clk 0:01:29]} Kg7 28. Re1 h5 {[%clk 0:02:59]} 29.
Re7 {[%clk 0:01:21]} h4 {[%clk 0:02:53]} 30. Qe3 {[%clk 0:01:16]} Qxe3 31. fxe3
Rc8 {[%clk 0:02:25]} 32. Rxb7 {[%clk 0:01:13]} Rc1+ {[%clk 0:02:19]} 33. Kg2
{[%clk 0:01:11]} Rc2+ {[%clk 0:02:18]} 34. Kh3 {[%clk 0:01:11]} hxg3
{[%clk 0:02:15]} 35. Kxg3 {[%clk 0:01:11]} a6 {[%clk 0:02:13]} 36. a4
{[%clk 0:01:09]} g5 {[%clk 0:02:08]} 37. Rb6 {[%clk 0:01:09]} f6 {[%clk 0:01:55]}
38. b4 {[%clk 0:01:06]} Rb2 {[%clk 0:01:51]} 39. a5 {[%clk 0:01:01]} Kg6
{[%clk 0:01:49]} 40. Rxa6 {[%clk 0:01:00]} Rxb4 {[%clk 0:01:47]} 41. Rd6
{[%clk 0:00:59]} Rb5 {[%clk 0:01:45]} 42. a6 {[%clk 0:00:57]} Ra5
{[%clk 0:01:42]} 43. Kf3 {[%clk 0:00:57]} Kf5 {[%clk 0:01:40]} 44. Rxd5+
{[%clk 0:00:55]} Rxd5 45. e4+ 1-0

[Event "2012"]
[Site "Pyhajarve"]
[Date "2012.11.25"]
[Round "30.5"]
[White "VOLODIN, Aleksandr"]
[Black "JARVET, Jyri"]
[Result "1-0"]
[LiveChessVersion "1.3.1"]
[BlackElo "2056"]
[WhiteElo "2446"]

1. d4 {[%clk 0:03:58]} Nf6 {[%clk 0:15:57]} 2. c4 {[%clk 0:03:58]} g6
{[%clk 0:15:54]} 3. Nc3 {[%clk 0:03:57]} d5 {[%clk 0:15:52]} 4. cxd5
{[%clk 0:03:56]} Nxd5 {[%clk 0:15:51]} 5. e4 {[%clk 0:03:56]} Nxc3
{[%clk 0:15:49]} 6. bxc3 {[%clk 0:03:55]} Bg7 {[%clk 0:15:47]} 7. Nf3
{[%clk 0:03:54]} c5 {[%clk 0:15:46]} 8. Be3 {[%clk 0:03:53]} O-O {[%clk 0:15:22]}
9. Be2 {[%clk 0:03:52]} Nc6 {[%clk 0:15:05]} 10. O-O {[%clk 0:03:50]} Bg4
{[%clk 0:14:53]} 11. d5 {[%clk 0:03:48]} Na5 {[%clk 0:13:26]} 12. Rc1
{[%clk 0:03:46]} b6 {[%clk 0:13:12]} 13. c4 {[%clk 0:03:42]} e6 {[%clk 0:12:30]}
14. h3 {[%clk 0:03:38]} Bxf3 {[%clk 0:12:27]} 15. Bxf3 {[%clk 0:03:37]} exd5
{[%clk 0:12:26]} 16. cxd5 {[%clk 0:03:32]} f5 {[%clk 0:11:25]} 17. exf5
{[%clk 0:03:27]} Rxf5 {[%clk 0:11:23]} 18. Bg4 {[%clk 0:03:26]} Rf8
{[%clk 0:11:19]} 19. d6 {[%clk 0:03:21]} Kh8 {[%clk 0:10:51]} 20. Qd5
{[%clk 0:03:20]} Qf6 {[%clk 0:10:34]} 21. Rcd1 {[%clk 0:03:17]} h6
{[%clk 0:10:16]} 22. Bd2 {[%clk 0:03:16]} Qd4 {[%clk 0:10:05]} 23. Bxa5
{[%clk 0:03:12]} Qxd5 {[%clk 0:10:01]} 24. Rxd5 {[%clk 0:03:11]} bxa5
{[%clk 0:09:59]} 25. Rxc5 {[%clk 0:03:11]} Rad8 {[%clk 0:09:51]} 26. d7
{[%clk 0:03:09]} Rf6 {[%clk 0:09:38]} 27. Rc8 {[%clk 0:03:06]} Rff8
{[%clk 0:09:35]} 28. Re1 {[%clk 0:03:04]} h5 {[%clk 0:09:30]} 29. Rxd8
{[%clk 0:02:58]} 1-0

[Event "2012"]
[Site "Pyhajarve"]
[Date "2012.11.25"]
[Round "30.6"]
[White "LAPIDUS, Mark"]
[Black "SEEMAN, Tarvo"]
[Result "1-0"]
[LiveChessVersion "1.3.1"]
[BlackElo "2386"]
[WhiteElo "2298"]

1. Nf3 {[%clk 0:09:58]} Nf6 {[%clk 0:09:56]} 2. c4 {[%clk 0:09:57]} d6
{[%clk 0:09:46]} 3. d4 {[%clk 0:09:56]} Nbd7 {[%clk 0:09:45]} 4. Nc3
{[%clk 0:09:54]} e5 {[%clk 0:09:39]} 5. Bg5 {[%clk 0:09:33]} Be7 {[%clk 0:09:29]}
6. e3 {[%clk 0:09:24]} O-O {[%clk 0:09:26]} 7. Bd3 {[%clk 0:09:19]} Re8
{[%clk 0:09:16]} 8. Bxf6 {[%clk 0:09:02]} Bxf6 {[%clk 0:09:01]} 9. O-O
{[%clk 0:08:59]} g6 {[%clk 0:08:56]} 10. Qc2 {[%clk 0:08:47]} Bg7
{[%clk 0:08:48]} 11. Rad1 {[%clk 0:08:43]} c6 {[%clk 0:08:44]} 12. b4
{[%clk 0:08:30]} a6 {[%clk 0:08:23]} 13. dxe5 {[%clk 0:08:21]} dxe5
{[%clk 0:08:13]} 14. c5 {[%clk 0:08:15]} Qe7 {[%clk 0:08:02]} 15. Ne4
{[%clk 0:08:12]} Nf6 {[%clk 0:07:21]} 16. Nxf6+ {[%clk 0:07:58]} Bxf6
{[%clk 0:07:16]} 17. Nd2 {[%clk 0:07:57]} a5 {[%clk 0:06:44]} 18. a3
{[%clk 0:07:47]} axb4 {[%clk 0:06:43]} 19. axb4 {[%clk 0:07:46]} Be6
{[%clk 0:06:14]} 20. Nc4 {[%clk 0:07:29]} Red8 {[%clk 0:05:51]} 21. Be4
{[%clk 0:07:04]} Rxd1 {[%clk 0:05:43]} 22. Rxd1 {[%clk 0:07:03]} Kg7
{[%clk 0:05:06]} 23. Na5 {[%clk 0:06:38]} Qc7 {[%clk 0:04:34]} 24. h3
{[%clk 0:06:17]} Be7 {[%clk 0:04:11]} 25. Qc3 {[%clk 0:06:01]} f5
{[%clk 0:03:35]} 26. Bc2 {[%clk 0:05:51]} Bf6 {[%clk 0:03:34]} 27. e4
{[%clk 0:05:34]} Re8 {[%clk 0:03:02]} 28. Rd6 {[%clk 0:05:26]} h5
{[%clk 0:02:32]} 29. exf5 {[%clk 0:04:37]} gxf5 {[%clk 0:02:31]} 30. Qf3
{[%clk 0:04:35]} e4 {[%clk 0:02:25]} 31. Qxh5 {[%clk 0:04:26]} Rh8
{[%clk 0:01:45]} 32. Qd1 {[%clk 0:04:25]} Bc8 {[%clk 0:01:38]} 33. Nc4
{[%clk 0:04:00]} Qe7 {[%clk 0:01:21]} 34. Nb6 {[%clk 0:03:35]} Kg6
{[%clk 0:01:20]} 35. Nxc8 {[%clk 0:03:30]} Rxc8 {[%clk 0:01:19]} 36. Rd7
{[%clk 0:03:26]} Qe5 {[%clk 0:01:16]} 37. Rxb7 {[%clk 0:03:08]} Ra8
{[%clk 0:01:15]} 38. Qd7 {[%clk 0:02:55]} Ra1+ {[%clk 0:01:08]} 39. Bd1
{[%clk 0:02:55]} Qd4 {[%clk 0:00:55]} 40. Qf7+ {[%clk 0:02:32]} Kg5
{[%clk 0:00:54]} 41. Qg8+ {[%clk 0:02:20]} 1-0

[Event "2012"]
[Site "Pyhajarve"]
[Date "2012.11.25"]
[Round "31.1"]
[White "SHORT, Nigel"]
[Black "REBANE, Raul"]
[Result "1-0"]
[LiveChessVersion "1.3.1"]
[BlackElo "2147"]
[WhiteElo "2702"]

1. e4 {[%clk 0:03:59]} c6 {[%clk 0:16:00]} 2. Nc3 {[%clk 0:03:57]} g6
{[%clk 0:15:59]} 3. Bc4 {[%clk 0:03:55]} e6 {[%clk 0:15:58]} 4. Bb3
{[%clk 0:03:52]} d5 {[%clk 0:15:57]} 5. d4 {[%clk 0:03:51]} Bg7 {[%clk 0:15:57]}
6. Nf3 {[%clk 0:03:46]} a5 {[%clk 0:15:48]} 7. a4 {[%clk 0:03:44]} Na6
{[%clk 0:15:47]} 8. O-O {[%clk 0:03:41]} Nb4 {[%clk 0:15:43]} 9. Re1
{[%clk 0:03:37]} Ne7 {[%clk 0:15:42]} 10. e5 {[%clk 0:03:30]} O-O
{[%clk 0:15:20]} 11. Ne2 {[%clk 0:03:28]} c5 {[%clk 0:14:24]} 12. c3
{[%clk 0:03:27]} Na6 {[%clk 0:14:22]} 13. Bf4 {[%clk 0:03:25]} Nc6
{[%clk 0:13:56]} 14. Qd2 {[%clk 0:03:20]} cxd4 {[%clk 0:13:29]} 15. cxd4
{[%clk 0:03:18]} Qb6 {[%clk 0:13:26]} 16. Bd1 {[%clk 0:03:17]} Nab4
{[%clk 0:13:24]} 17. Nc3 {[%clk 0:03:10]} Bd7 {[%clk 0:13:09]} 18. h4
{[%clk 0:03:09]} f6 {[%clk 0:12:43]} 19. exf6 {[%clk 0:03:04]} Bxf6
{[%clk 0:12:42]} 20. Nb5 {[%clk 0:02:57]} Ne7 {[%clk 0:11:29]} 21. Bc7
{[%clk 0:02:46]} Qa6 {[%clk 0:11:19]} 22. Be2 {[%clk 0:02:45]} b6
{[%clk 0:10:49]} 23. Rac1 {[%clk 0:02:43]} Nf5 {[%clk 0:10:22]} 24. h5
{[%clk 0:02:37]} Rac8 {[%clk 0:09:46]} 25. hxg6 {[%clk 0:02:35]} hxg6 26. Be5
{[%clk 0:02:34]} Bxb5 {[%clk 0:09:14]} 27. Bxb5 Qb7 28. Bxf6 {[%clk 0:02:28]}
Rxf6 {[%clk 0:09:13]} 29. Qg5 {[%clk 0:02:26]} Rcf8 {[%clk 0:08:22]} 30. Qg4
{[%clk 0:02:25]} Qh7 {[%clk 0:08:07]} 31. Rc3 {[%clk 0:02:19]} Nd6 32. Rxe6
{[%clk 0:02:15]} Nxb5 {[%clk 0:05:34]} 33. Rxf6 {[%clk 0:02:14]} Rxf6
{[%clk 0:05:23]} 34. axb5 {[%clk 0:02:13]} Qh5 {[%clk 0:04:45]} 35. Rc8+
{[%clk 0:02:11]} Kg7 {[%clk 0:04:45]} 36. Rc7+ {[%clk 0:02:08]} Rf7
{[%clk 0:04:40]} 37. Rxf7+ {[%clk 0:02:05]} Kxf7 {[%clk 0:04:39]} 38. Ne5+
{[%clk 0:02:04]} Kg7 {[%clk 0:04:37]} 39. Qd7+ {[%clk 0:02:01]} Kg8
{[%clk 0:04:22]} 40. Qf7+ {[%clk 0:01:57]} 1-0

[Event "2012"]
[Site "Pyhajarve"]
[Date "2012.11.25"]
[Round "31.2"]
[White "NYBACK, Tomi"]
[Black "LIIVA, Riho"]
[Result "1/2-1/2"]
[LiveChessVersion "1.3.1"]
[BlackElo "2451"]
[WhiteElo "2631"]

1. d4 {[%clk 0:09:58]} d5 {[%clk 0:10:00]} 2. c4 {[%clk 0:09:57]} c6
{[%clk 0:09:59]} 3. cxd5 {[%clk 0:09:56]} cxd5 {[%clk 0:09:58]} 4. Nc3
{[%clk 0:09:54]} Nc6 {[%clk 0:09:44]} 5. Nf3 {[%clk 0:09:53]} Nf6
{[%clk 0:09:40]} 6. Bf4 {[%clk 0:09:51]} e6 {[%clk 0:09:24]} 7. e3
{[%clk 0:09:46]} Nh5 {[%clk 0:09:10]} 8. Bg3 {[%clk 0:09:35]} Be7
{[%clk 0:08:44]} 9. Bd3 {[%clk 0:09:30]} O-O {[%clk 0:07:57]} 10. O-O
{[%clk 0:09:17]} Nxg3 {[%clk 0:07:49]} 11. hxg3 {[%clk 0:09:16]} Bd7
{[%clk 0:07:26]} 12. Rc1 {[%clk 0:09:13]} Rc8 {[%clk 0:07:18]} 13. a3
{[%clk 0:08:15]} Na5 {[%clk 0:06:14]} 14. e4 {[%clk 0:08:12]} dxe4
{[%clk 0:05:58]} 15. Bxe4 {[%clk 0:08:10]} Nc4 {[%clk 0:05:31]} 16. Qe2
{[%clk 0:07:46]} b5 {[%clk 0:05:08]} 17. Rfd1 {[%clk 0:07:28]} Qb6
{[%clk 0:04:44]} 18. Bb1 {[%clk 0:07:10]} Rfe8 {[%clk 0:03:31]} 19. Ne5
{[%clk 0:05:56]} Nxe5 {[%clk 0:03:04]} 20. dxe5 {[%clk 0:05:55]} Bc6
{[%clk 0:02:57]} 21. Be4 {[%clk 0:05:53]} a6 {[%clk 0:02:31]} 22. Bxc6
{[%clk 0:05:51]} Qxc6 {[%clk 0:02:18]} 23. f4 {[%clk 0:05:36]} Qc4
{[%clk 0:01:55]} 24. Qxc4 {[%clk 0:05:29]} Rxc4 {[%clk 0:01:54]} 25. Ne2
{[%clk 0:05:22]} Rec8 {[%clk 0:01:44]} 26. Rxc4 {[%clk 0:05:18]} Rxc4
{[%clk 0:01:43]} 27. Rc1 {[%clk 0:05:02]} Rxc1+ {[%clk 0:01:37]} 28. Nxc1
{[%clk 0:05:01]} h5 {[%clk 0:01:21]} 29. Kf2 {[%clk 0:04:59]} Kf8
{[%clk 0:01:18]} 30. Nd3 {[%clk 0:04:56]} Ke8 {[%clk 0:01:15]} 31. Ke3
{[%clk 0:04:43]} Kd7 {[%clk 0:01:14]} 32. Ke4 {[%clk 0:04:21]} g6
{[%clk 0:01:14]} 33. Nb4 {[%clk 0:04:02]} a5 {[%clk 0:01:10]} 34. Nc2
{[%clk 0:04:00]} Bc5 {[%clk 0:01:05]} 35. Nd4 {[%clk 0:03:53]} Bxd4
{[%clk 0:00:36]} 36. Kxd4 {[%clk 0:03:51]} Kc6 {[%clk 0:00:35]} 37. b4
{[%clk 0:03:45]} axb4 {[%clk 0:00:31]} 38. axb4 {[%clk 0:03:44]} Kb6
{[%clk 0:00:30]} 39. Ke4 {[%clk 0:03:42]} Kc6 {[%clk 0:00:30]} 1/2-1/2

[Event "2012"]
[Site "Pyhajarve"]
[Date "2012.11.25"]
[Round "31.6"]
[White "OZOLINS, Aris"]
[Black "VOLODIN, Aleksandr"]
[Result "1/2-1/2"]
[LiveChessVersion "1.3.1"]
[BlackElo "2446"]
[WhiteElo "2177"]

1. e4 {[%clk 0:13:59]} c5 {[%clk 0:05:58]} 2. Nf3 {[%clk 0:13:58]} e6
{[%clk 0:05:57]} 3. c4 {[%clk 0:13:57]} Nc6 {[%clk 0:05:56]} 4. Nc3
{[%clk 0:13:56]} d6 {[%clk 0:05:55]} 5. g3 {[%clk 0:13:54]} Nf6 {[%clk 0:05:53]}
6. Bg2 {[%clk 0:13:53]} Be7 {[%clk 0:05:51]} 7. O-O {[%clk 0:13:52]} e5
{[%clk 0:05:49]} 8. d3 {[%clk 0:13:49]} O-O {[%clk 0:05:47]} 9. Nd5
{[%clk 0:13:47]} Nxd5 {[%clk 0:05:43]} 10. cxd5 {[%clk 0:13:46]} Nb8
{[%clk 0:05:40]} 11. Be3 {[%clk 0:13:32]} b6 {[%clk 0:05:38]} 12. Qd2
{[%clk 0:13:31]} Ba6 {[%clk 0:05:36]} 13. Rfc1 {[%clk 0:13:22]} Nd7
{[%clk 0:05:35]} 14. a3 {[%clk 0:13:19]} Nf6 {[%clk 0:05:33]} 15. h3
{[%clk 0:13:16]} Qd7 {[%clk 0:05:29]} 16. b4 {[%clk 0:13:14]} cxb4
{[%clk 0:05:25]} 17. axb4 {[%clk 0:13:10]} Bb5 {[%clk 0:05:23]} 18. Rc3
{[%clk 0:13:01]} Rfc8 {[%clk 0:05:22]} 19. Rac1 {[%clk 0:12:56]} Rxc3
{[%clk 0:05:18]} 20. Qxc3 {[%clk 0:12:54]} Bd8 {[%clk 0:05:15]} 21. Bf1
{[%clk 0:12:53]} a5 {[%clk 0:05:12]} 22. bxa5 bxa5 {[%clk 0:05:10]} 23. Bg5
{[%clk 0:12:17]} h6 {[%clk 0:05:07]} 24. Bxf6 {[%clk 0:12:15]} Bxf6
{[%clk 0:05:06]} 25. Nd2 {[%clk 0:12:07]} Bg5 {[%clk 0:05:04]} 26. Rc2
{[%clk 0:12:03]} Qa7 {[%clk 0:04:34]} 27. h4 {[%clk 0:12:00]} Bd8
{[%clk 0:04:24]} 28. Nc4 {[%clk 0:11:58]} Bxc4 {[%clk 0:04:18]} 29. dxc4
{[%clk 0:11:57]} Bb6 {[%clk 0:04:13]} 30. Kg2 {[%clk 0:11:49]} a4
{[%clk 0:04:10]} 31. Bd3 {[%clk 0:11:32]} Bd4 {[%clk 0:04:02]} 32. Qb4
{[%clk 0:11:28]} Bc5 {[%clk 0:03:55]} 33. Qc3 {[%clk 0:11:23]} a3
{[%clk 0:03:52]} 34. Ra2 {[%clk 0:11:20]} Rb8 {[%clk 0:03:50]} 35. f3
{[%clk 0:11:11]} Qa4 {[%clk 0:03:45]} 36. Bc2 {[%clk 0:11:06]} Qa6
{[%clk 0:03:28]} 37. h5 {[%clk 0:10:46]} Rb6 {[%clk 0:03:18]} 38. Kh3
{[%clk 0:10:27]} Qc8+ {[%clk 0:03:17]} 39. g4 {[%clk 0:10:27]} Qb8
{[%clk 0:03:10]} 40. Ba4 {[%clk 0:09:31]} Rb2 {[%clk 0:03:01]} 41. Ra1
{[%clk 0:09:12]} Rf2 {[%clk 0:02:52]} 42. Bb5 {[%clk 0:09:06]} Bd4
{[%clk 0:02:46]} 43. Qxa3 {[%clk 0:08:53]} Bxa1 {[%clk 0:02:44]} 44. Qxa1
{[%clk 0:08:52]} Rxf3+ {[%clk 0:02:42]} 45. Kg2 {[%clk 0:08:51]} Rf4
{[%clk 0:02:39]} 46. Kg3 {[%clk 0:08:41]} Qc8 {[%clk 0:02:37]} 47. Qd1
{[%clk 0:08:40]} Rxe4 {[%clk 0:02:36]} 48. Qf3 {[%clk 0:08:33]} Rf4
{[%clk 0:02:30]} 49. Qe2 {[%clk 0:08:31]} Qc5 {[%clk 0:02:24]} 1/2-1/2